Sistemas de clasificación : (Record no. 191489)

MARC details
000 -LEADER
campo de control de longitud fija 00998nam a2200265 4500
001 - NÚMERO DE CONTROL
campo de control 191489
003 - IDENTIFICADOR DE NÚMERO DE CONTROL
campo de control SpMaBN
005 - FECHA Y HORA DE LA ÚLTIMA TRANSACCIÓN
campo de control 20250727150806.0
008 - DATOS DE LONGITUD FIJA--INFORMACIÓN GENERAL
campo de control de longitud fija 220926s1999 sw | ||| ||spa
016 7# - NÚMERO DE CONTROL DE UNA AGENCIA BIBLIOGRÁFICA NACIONAL
Número de control del registro bimoBNE20000902933 [
Fuente SpMaBN]
017 ## - NÚMERO DE COPYRIGHT O DE DEPÓSITO LEGAL
Número de copyright o de depósito legal B 44717-1999
Agencia que asigna Oficina Depósito Legal Barcelona
020 ## - NÚMERO INTERNACIONAL ESTÁNDAR DEL LIBRO
Número Internacional Estándar del Libro 91-89118-01-4
035 ## - NÚMERO DE CONTROL DEL SISTEMA
Número de control de sistema (OCoLC)48849567
040 ## - FUENTE DE CATALOGACIÓN
Centro catalogador/agencia de origen SpMaBN
Lengua de catalogación spa
Centro/agencia transcriptor SpMaBN
Normas de descripción rdc
080 ## - NÚMERO DE LA CLASIFICACIÓN DECIMAL UNIVERSAL
Número de la Clasificación Decimal Universal 025.45 CDU (083.74)
100 1# - ENTRADA PRINCIPAL--NOMBRE DE PERSONA
Nombre de persona Benito, Miguel.
9 (RLIN) 175271
245 10 - MENCIÓN DEL TÍTULO
Título Sistemas de clasificación :
Resto del título manual de aprendizaje de la Clasificación Decimal Universal y breve introducción a la Clasificación Decimal de Dewey /
Mención de responsabilidad, etc. Miguel Benito.
260 ## - PUBLICACIÓN, DISTRIBUCIÓN, ETC.
Lugar de publicación, distribución, etc. Borås (Suecia) :
Nombre del editor, distribuidor, etc. Taranco,
Fecha de publicación, distribución, etc. [1999]
300 ## - DESCRIPCIÓN FÍSICA
Extensión 126 p. ;
Dimensiones 24 cm.
650 #7 - PUNTO DE ACCESO ADICIONAL DE MATERIA--TÉRMINO DE MATERIA
Término de materia o nombre geográfico como elemento de entrada Clasificación decimal universal
Fuente del encabezamiento o término embne
9 (RLIN) 164660
650 #7 - PUNTO DE ACCESO ADICIONAL DE MATERIA--TÉRMINO DE MATERIA
Término de materia o nombre geográfico como elemento de entrada Clasificación decimal Dewey.
9 (RLIN) 175272
852 ## - LOCALIZACIÓN
Sublocalización o colección R.131376
Ubicación en estantería Depósito 1
Signatura antigua Olim: 025.45 CDU BEN sis
Número de control de estantería A-15040
itemnumber 198707
942 ## - ELEMENTOS DE ENTRADA SECUNDARIOS (KOHA)
Fuente del sistema de clasificación o colocación Clasificación decimal universal
Holdings
Estatus retirado Estado de pérdida Fuente del sistema de clasificación o colocación Estado de daño No para préstamo Colección Biblioteca de origen Biblioteca actual Ubicación en estantería Fecha de adquisición Fuente de adquisición Total de préstamos Signatura topográfica completa Código de barras Visto por última vez Precio de reemplazo Tipo de ítem Koha
    Clasificación decimal universal     Biblioteca profesional Biblioteca del Ateneo de Madrid Biblioteca del Ateneo de Madrid Depósito 1 26/09/2022 Compra   A-15040 1203851 23/02/2023 23/02/2023 Libro impreso